The Enterprise Big Data Lake (Record no. 8489)
[ view plain ]
| 000 -LEADER | |
|---|---|
| fixed length control field | 00458nam a22001577a 4500 |
| 008 - FIXED-LENGTH DATA ELEMENTS--GENERAL INFORMATION | |
| fixed length control field | 200219b ||||| |||| 00| 0 eng d |
| 020 ## - INTERNATIONAL STANDARD BOOK NUMBER | |
| International Standard Book Number | 9789352138166 |
| 082 ## - DEWEY DECIMAL CLASSIFICATION NUMBER | |
| Classification number | 004 GOT |
| 100 ## - MAIN ENTRY--PERSONAL NAME | |
| Personal name | GORELIK, Alex |
| 245 ## - TITLE STATEMENT | |
| Title | The Enterprise Big Data Lake |
| Remainder of title | Delivering the Promise of Big Data and Data Science |
| 250 ## - EDITION STATEMENT | |
| Edition statement | 1st |
| Remainder of edition statement | 2005 |
| 260 ## - PUBLICATION, DISTRIBUTION, ETC. (IMPRINT) | |
| Place of publication, distribution, etc | New Delhi |
| Name of publisher, distributor, etc | Shroff/O'Reilly Publishers & Distributors Pvt. Ltd. |
| 300 ## - PHYSICAL DESCRIPTION | |
| Extent | 205 |
| 650 ## - SUBJECT ADDED ENTRY--TOPICAL TERM | |
| Topical term or geographic name as entry element | CSE |
| 942 ## - ADDED ENTRY ELEMENTS (KOHA) | |
| Source of classification or shelving scheme | Dewey Decimal Classification |
| Koha item type | Text Books |
| Withdrawn status | Lost status | Source of classification or shelving scheme | Damaged status | Not for loan | Collection code | Home library | Current library | Date acquired | Source of acquisition | Currency | Cost, normal purchase price | Bill Number | Total Checkouts | Full call number | Acc. no. / Barcode | Date last seen | Copy number | Actual Cost, discounted price | Bill Date | Koha item type |
|---|---|---|---|---|---|---|---|---|---|---|---|---|---|---|---|---|---|---|---|---|
| Dewey Decimal Classification | B.Tech(CSE) | PIET C-LIBRARY | PIET C-LIBRARY | 19/02/2020 | KIRTI PRAKASHAN NEW DELHI | IN Rupees | 950.00 | IN5960 | 004 GOT | 31665 | 19/02/2020 | 1 | 703.00 | 03/01/2020 | Reference Books |